000 00298nam a22001337a 4500
008 170131b xxu||||| |||| 00| 0 eng d
020 _a01620908
041 _aeng
080 _a61
100 _a3
101 _aSHMI
245 _aYEAR BOOK OF SPORTS MEDICINE 2007
_cSHEPHARD, R.J
942 _2udc
_cBK
999 _c4073
_d4073